000 00315nam a2200097Ia 4500
008 171204s9999 xx 000 0 und d
245 _aBlender 3D Basics: Gordon Fisher
260 _c2014
650 _xAdvanced 3D Computer Animation
856 _uhttp://down.ebook777.com/015/Blender%203D%20Basics,%202nd%20Edition.pdf
999 _c346245
_d346245